浙江省市辖区 - Statistics

General Stats
  • This quiz has been taken 27 times
  • The average score is 30 of 37
Answers on the Map
Answers color-coded by a green-red scale on the quiz's map according to % correct below.
 
Answer Stats
Answer % Correct
临安区
100%
西湖区
95%
萧山区
95%
北仑区
95%
镇海区
95%
柯桥区
95%
定海区
95%
上城区
89%
拱墅区
89%
余杭区
89%
钱塘区
89%
南湖区
89%
越城区
89%
普陀区
89%
富阳区
84%
临平区
84%
鄞州区
84%
吴兴区
84%
南浔区
84%
上虞区
84%
金东区
84%
路桥区
84%
滨江区
79%
海曙区
79%
奉化区
79%
瓯海区
79%
椒江区
79%
鹿城区
74%
洞头区
74%
柯城区
74%
黄岩区
74%
江北区
68%
婺城区
68%
衢江区
68%
龙湾区
58%
秀洲区
58%
莲都区
58%
No matching quizzes found
Score Distribution
Percent of People with Each Score
Percentile by Number Answered
Your Score History
You have not taken this quiz